000 00378nam a2200145 a 4500
005 20140414131935.0
008 110118s19uu xx 00 eng d
050 _aREF 560
_bW85 2001
100 _aWood, Robert Muir
245 _aDiscovering prehistory.
260 _aLondon :
_bGareth Stevens,
_c2001.
440 _aAn inside look
650 _aPaleontology
999 _c112400
_d112400